Central Library OPAC University of Rajshahi

The market of Seleukia / (Record no. 23009)

MARC details
000 -LEADER
fixed length control field 00802nam a22002532a 4500
001 - CONTROL NUMBER
control field 23009
003 - CONTROL NUMBER IDENTIFIER
rucl marc code BD-RjUL
005 - DATE AND TIME OF LATEST TRANSACTION
control field 20211209000900.0
008 - FIXED-LENGTH DATA ELEMENTS--GENERAL INFORMATION
fixed length control field 140310s1957 enk 001 0 eng d
035 ## - SYSTEM CONTROL NUMBER
System control number (BD-RjUL)23074
-- OCLC ocm01559382 from D960523M
040 ## - CATALOGING SOURCE
Original cataloging agency DZM
Transcribing agency DZM
Modifying agency UKM
-- EQO
-- BD-RjUL
Language of cataloging eng
041 ## - LANGUAGE CODE
Language code of text/sound track or separate title eng
082 00 - DEWEY DECIMAL CLASSIFICATION NUMBER
Edition number 22
Classification number 915.1
Author mark and year MOM 1957
100 1# - MAIN ENTRY--PERSONAL NAME
Personal name Morris, James,
Dates associated with a name 1926-
9 (RLIN) 10724
245 14 - TITLE STATEMENT
Title The market of Seleukia /
Statement of responsibility, etc. James Morris.
260 ## - PUBLICATION, DISTRIBUTION, ETC. (IMPRINT)
Place of publication, distribution, etc. London :
Name of publisher, distributor, etc. Faber and Faber,
Date of publication, distribution, etc. 1957.
300 ## - PHYSICAL DESCRIPTION
Pagination 337 p. :
Illustrations ill. ;
Size 23 cm.
504 ## - BIBLIOGRAPHY, ETC. NOTE
Bibliography, etc Includes index.
651 #0 - SUBJECT ADDED ENTRY--GEOGRAPHIC NAME
Geographic name Middle East
General subdivision Description and travel
9 (RLIN) 70972
Geographic name Middle East
General subdivision Politics and government
Chronological subdivision 1945-
9 (RLIN) 70973
Geographic name Egypt
General subdivision History
Chronological subdivision Intervention, 1956
9 (RLIN) 70974
942 ## - ADDED ENTRY ELEMENTS (KOHA)
Source of classification or shelving scheme Dewey Decimal Classification
Koha item type Books
Holdings
Lost status Source of classification or shelving scheme Damaged status Not for loan Collection code Permanent Location Current Location Shelving location Date acquired Source of acquisition Cost, normal purchase price Total Checkouts Full call number Date last seen Copy number Koha item type
  Dewey Decimal Classification   Added to bundle Non-fiction Central Library, University of Rajshahi Central Library, University of Rajshahi Reading Room 24/03/1964 Zeitlinger 30.00   915.1 MOM 1957 10/03/2014 C-1 Books